000 00363nas a2200157 a 4500
001 21709
003 64068
005 20201118100116.0
008 ||||||n9999 ||| || ||
041 _aspa
245 0 _aAmérica Economía - No.70
260 _aChile :
_bGrupo Nanbei,
_c1993.
562 _e1
773 _094372
_aAmérica Economía
942 _cSISS
999 _c21709
_d21709